| 000 | 00371nam a2200157Ia 4500 | ||
|---|---|---|---|
| 003 | OSt | ||
| 008 | 191201s2009 xx 000 0 und d | ||
| 082 |
_a658.3 _bLAP |
||
| 100 | _aLALL, Madhurima | ||
| 245 | 0 | _aPersonal Growth and Training and Development | |
| 250 | _a1st | ||
| 260 |
_aNew Delhi _bExcel Books _c2009 |
||
| 300 | _a572 | ||
| 650 | _aMBA | ||
| 942 |
_2ddc _cBK |
||
| 999 |
_c4781 _d4781 |
||